| 000 | 00403nam a22001697a 4500 | ||
|---|---|---|---|
| 005 | 20160629145728.0 | ||
| 008 | 160629b xxu||||| |||| 00| 0 eng d | ||
| 020 | _a978-93-5014-151-9 | ||
| 041 | _aeng | ||
| 082 | _b12500 | ||
| 100 |
_aGautam Dr. A.K _93088 |
||
| 245 | _aMicrowave & Radar Engineering | ||
| 260 |
_bKatson _c2012 |
||
| 300 | _a476 | ||
| 650 |
_aDiploma Engineering _9817 |
||
| 942 | _cBK | ||
| 999 |
_c4720 _d4718 |
||